Gaming Quiz

Random Gaming or Pokémon Quiz

Pokémon Beginnings Quiz Stats

 Plays Quiz not verified by Sporcle

Also try: Pokémon Endings
Challenge
Share
Tweet
Embed
Score 0/59 Timer 05:00
0 Plays Today
No. % Correct
6CHA
86.3%
8MAG
82.4%
6GOL
79.7%
5ELE
73.6%
6NID
68.7%
3FLA
67.1%
4CHE
64.4%
5DRA
59.9%
5SHE
58.2%
5MAR
57.7%
4PID
57.7%
6MAN
57.1%
3WEE
56.6%
3FLO
56.2%
4GRO
56%
3POR
56%
5CHI
55.5%
4POL
54.4%
3SNO
53.8%
3FRO
53.4%
6STA
53.3%
4VEN
51.6%
3CLE
51.1%
3SEA
51.1%
3HIT
50%
3BEL
48.9%
3SLO
48.9%
3CRO
46.7%
3SKI
46.6%
4TYR
46.6%
No. % Correct
4ARC
46.2%
3MET
46.2%
3VOL
45.6%
3GLA
42.9%
3MAC
42.3%
3DEL
41.1%
3GAR
40.7%
3NIN
40.7%
3SAN
40.7%
4CLA
39.7%
3CRA
38.5%
4TOR
37.9%
3SHI
37.9%
4WHI
36.8%
3RHY
36.8%
5SWA
34.1%
3SPI
34.1%
3TOG
31.9%
5PAN
29.1%
4REG
28%
4CAR
27.5%
3SIM
27.5%
3VAN
27.5%
3FER
26.9%
4DUS
25.8%
3DAR
22.5%
3LIL
22%
3DRI
20.9%
3GOT
16.5%

You're not logged in!

Compare scores with friends on all Sporcle quizzes.
Join for Free
OR
Log In

You Might Also Like...

Show Comments

Extras

Created Apr 27, 2012ReportNominate
Tags:Pokémon Quiz, first

Top Quizzes Today


Score Distribution

Your Account Isn't Verified!

In order to create a playlist on Sporcle, you need to verify the email address you used during registration. Go to your Sporcle Settings to finish the process.

Report this User

Report this user for behavior that violates our Community Guidelines.

Details: